Welcome to the Kulhudhuffushi Public Library!

Encountering Development: The Making and Unmaking of the Third World? (Record no. 9577)

MARC details
000 -LEADER
fixed length control field 00425nam a2200133Ia 4500
008 - FIXED-LENGTH DATA ELEMENTS--GENERAL INFORMATION
fixed length control field 250830s9999 xx 000 0 und d
020 ## - INTERNATIONAL STANDARD BOOK NUMBER
International Standard Book Number 0 691001022
Qualifying information PB
082 ## - DEWEY DECIMAL CLASSIFICATION NUMBER
Classification number 338.9
100 ## - MAIN ENTRY--PERSONAL NAME
Personal name Arturo Escobar
245 #0 - TITLE STATEMENT
Title Encountering Development: The Making and Unmaking of the Third World?
260 ## - PUBLICATION, DISTRIBUTION, ETC.
Place of publication, distribution, etc. Princeton
Name of publisher, distributor, etc. Princeton University Pres
Date of publication, distribution, etc. 1994
300 ## - PHYSICAL DESCRIPTION
Extent 320P.; 24cm.
942 ## - ADDED ENTRY ELEMENTS (KOHA)
Classification part 338.9
Item part ESC
Koha item type English Collection
Holdings
Withdrawn status Lost status Damaged status Not for loan Home library Current library Shelving location Date acquired Total checkouts Full call number Barcode Date last seen Price effective from Koha item type
        Kulhudhuffushi Public Library Kulhudhuffushi Public Library English Collection 30/08/2025   338.90 ESC KL-2025-001766 30/08/2025 30/08/2025 English Collection
Copyright © 2024 Kulhudhuffushi City Council